All Hosts in BFDI - Statistics

General Stats
  • This quiz has been taken 274 times
    194 since last reset
  • The average score is 6 of 6
Answer Stats
Hint Answer % Correct
“I DONT LIKE CRITICISM!” Four
99%
“Budget Cuts.” Announcer
98%
“Aloe Vera!” X
98%
“Taggy!” Two
97%
“The factor of four, STOP THAT!” Donut
90%
*collection of images* TV
74%
No matching quizzes found
Score Distribution
Percent of People with Each Score
Percentile by Number Answered
Your Score History
You have not taken this quiz since the last reset